50 pairs of cities with the exact same name (with a map) - Statistics

General Stats
  • This quiz has been taken 2,537 times
    926 since last reset
  • The average score is 46 of 100
Answers on the Map
Answers color-coded by a green-red scale on the quiz's map according to % correct below.
 
Answer Stats
City % Correct
London (Canada)
86%
London (United Kingdom)
86%
Paris (France)
82%
Paris (United States)
82%
Athens (Greece)
79%
Athens (United States)
79%
Saint Petersburg (Russia)
78%
Saint Petersburg (United States)
78%
Moscow (Russia)
77%
Moscow (United States)
77%
Perth (Australia)
77%
Perth (United Kingdom)
77%
Alexandria (Egypt)
76%
Alexandria (Romania)
76%
Sydney (Australia)
74%
Sydney (Canada)
74%
Valencia (Spain)
70%
Valencia (Venezuela)
70%
San José (Costa Rica)
69%
San José (United States)
69%
Birmingham (United Kingdom)
67%
Birmingham (United States)
67%
Prague (Czech Republic)
67%
Prague (United States)
67%
Nassau (Germany)
64%
Nassau (The Bahamas)
64%
Odessa (Ukraine)
64%
Odessa (United States)
64%
Bergen (Germany)
62%
Bergen (Norway)
62%
Victoria (Canada)
62%
Victoria (Seychelles)
62%
Vancouver (Canada)
61%
Vancouver (United States)
61%
La Paz (Bolivia)
57%
La Paz (Mexico)
57%
San Juan (Philippines)
57%
San Juan (Puerto Rico, United States)
57%
Córdoba (Argentina)
56%
Córdoba (Spain)
56%
Brest (Belarus)
55%
Brest (France)
55%
Portland (Maine, United States)
55%
Portland (Oregon, United States)
55%
Georgetown (Guyana)
53%
Georgetown (United States)
53%
Los Ángeles (Chile)
52%
Los Ángeles (United States)
52%
Hyderabad (India)
49%
Hyderabad (Pakistan)
49%
Las Vegas (Nevada, United States)
47%
Las Vegas (New Mexico, United States)
47%
Saint John (Antigua and Barbuda)
45%
Saint John (Canada)
45%
Memphis (Egypt)
43%
Memphis (United States)
43%
Hamilton (Bermuda, United Kingdom)
42%
Hamilton (New Zealand)
42%
Springfield (Illinois, United States)
41%
Springfield (Virginia, United States)
41%
Guadalajara (Mexico)
40%
Guadalajara (Spain)
40%
Mérida (Mexico)
39%
Mérida (Spain)
39%
Cambridge (United Kingdom)
38%
Cambridge (United States)
38%
Saint Louis (Réunion, France)
37%
Saint Louis (Senegal)
37%
León (Nicaragua)
34%
León (Spain)
34%
Rosario (Argentina)
33%
Rosario (Uruguay)
33%
Santa Fe (Argentina)
33%
Santa Fe (United States)
33%
Newcastle (Australia)
32%
Newcastle (South Africa)
32%
Santa Cruz (Brazil)
26%
Santa Cruz (Portugal)
26%
Kochi (India)
18%
Kochi (Japan)
18%
Fuzhou (Fujian, China)
15%
Fuzhou (Jiangxi, China)
15%
Santarém (Brazil)
11%
Santarém (Portugal)
11%
Oranjestad (Aruba, The Netherlands)
10%
Oranjestad (Saint Eustatius, The Netherlands)
10%
Waterloo (Belgium)
10%
Waterloo (Canada)
10%
Durango (Mexico)
9%
Durango (Unites States)
9%
Aveiro (Brazil)
7%
Aveiro (Portugal)
7%
Adamstown (Pitcairn Islands, United Kingdom)
6%
Adamstown (United States)
6%
Altai (Mongolia)
6%
Altai (Russia)
6%
Anyang (China)
5%
Anyang (South Korea)
5%
Rochefort (Belgium)
4%
Rochefort (France)
4%
No matching quizzes found
Score Distribution
Percent of People with Each Score
Percentile by Number Answered
Your Score History
You have not taken this quiz since the last reset